000 00498nam a2200181Ia 4500
005 20250326123829.0
008 250326s9999 xx 000 0 und d
037 _aTextbook
040 _aFMSL
_beng
_cFMSL
041 _aeng
_2eng
084 _aS:73{T) K7
_qFMSL
100 _aGagne R M
_989400
245 0 _aLearning and individual diffrences
_cGagne R M
260 _aUSA
_bUSA, Charles E Merrill
_c1967
300 _a265p
942 _cTB
_hS:73{T) K7
999 _c1271118
_d1271118